000 01235nam a2200337 a 4500
001 000113625
003 CHAP
005 20220329144404.0
008 170830s2017 mx a fsm |||||||spa d
010 _a110086
011 _a111058
040 _cCHAP
090 _aTesis
100 1 _aLópez García, Brenda
_9133109
245 1 0 _aArbustos :
_h[En línea]
_buna forma de vida en las zonas áridas y semiáridas de México /
_cpor Brenda López García.
260 _aChapingo, Méx. :
_bEl autor,
_c2017.
500 _aPara ver el contenido del material haga clic en la liga
502 _aTesis (Ing. en Restauración Forestal) -- UACH. División de Ciencias Forestales
590 _aE11695DGD
_b10
_c20170830
_lUCH01
_h1317
590 _aE8697GMM
_b05
_c20170830
_lUCH01
_h1219
590 _aE8697GMM
_b05
_c20170830
_lUCH01
_h1315
590 _aE8697GMM
_b05
_c20170830
_lUCH01
_h1316
650 1 4 _aArbustos
_xClasificación.
_9133110
650 1 4 _aArbustos
_xFisiología y morfología
_96728
650 1 4 _aArbustos
_xIdentificación
_zMéxico.
_9133111
650 1 4 _aArbustos
_xRegiones aridas
_96743
856 _aFinding aid
_uhttp://10.13.5.2/tesis/sist113525.pdf
_zTeclea aquí
901 _aBK
942 _cTESIS
942 _n0
999 _c110086
_d110086